Géographie de l'éducation : Concepts, enjeux et territoires (notice n° 2094922)

détails MARC
000 -LEADER
fixed length control field 01932cam a2200169 4500500
005 - DATE AND TIME OF LATEST TRANSACTION
control field 20260405011443.0
041 ## - LANGUAGE CODE
Language code of text/sound track or separate title fre
042 ## - AUTHENTICATION CODE
Authentication code dc
100 10 - MAIN ENTRY--PERSONAL NAME
Personal name Delage, Aurélie
Relator term author
245 00 - TITLE STATEMENT
Title Géographie de l'éducation : Concepts, enjeux et territoires
260 ## - PUBLICATION, DISTRIBUTION, ETC.
Name of publisher, distributor, etc. Armand Colin,<br/>
Date of publication, distribution, etc. 2023.<br/>
520 ## - SUMMARY, ETC.
Summary, etc. Si l'éducation est devenue un champ d'études essentiel dans la plupart des sciences sociales (histoire, sociologie, philosophie), elle est un objet encore émergent pour la géographie en France, alors qu'elle est clairement instituée en Amérique du Nord et en Europe. La mondialisation du fait éducatif, la multiplication des formes de mobilités liées à l’éducation, son imbrication complexe dans l’économie contemporaine, la diversité des échelles et des espaces de l’éducation, le renouvellement des inégalités et ségrégations éducatives, la territorialisation des politiques publiques font de l’éducation un objet pourtant éminemment géographique. Cet ouvrage a donc pour ambition de proposer le premier manuel de géographie de l'éducation en langue française. En analysant la place de l’éducation dans l’organisation spatiale des sociétés, il montre comment cette dernière permet de (re)lire les grands enjeux socio-spatiaux à différentes échelles et pour différents espaces. Il s'appuie en cela sur de nombreuses études de cas portant sur des territoires (France, Canada, États-Unis, Chili, Maroc, Émirats arabes unis) et des thématiques (réformes des territoires éducatifs, carte scolaire, décrochage scolaire, classement de Shanghai, fermetures d'écoles rurales, migrations étudiantes, etc.) variés, et une cartographie originale.
700 10 - ADDED ENTRY--PERSONAL NAME
Personal name Giband, David
Relator term author
700 10 - ADDED ENTRY--PERSONAL NAME
Personal name Mary, Kevin
Relator term author
700 10 - ADDED ENTRY--PERSONAL NAME
Personal name Nafaa, Nora
Relator term author
856 41 - ELECTRONIC LOCATION AND ACCESS
Uniform Resource Identifier <a href="https://shs.cairn.info/geographie-de-l-education--9782200633455?lang=fr&redirect-ssocas=7080">https://shs.cairn.info/geographie-de-l-education--9782200633455?lang=fr&redirect-ssocas=7080</a>

Pas d'exemplaire disponible.

PLUDOC

PLUDOC est la plateforme unique et centralisée de gestion des bibliothèques physiques et numériques de Guinée administré par le CEDUST. Elle est la plus grande base de données de ressources documentaires pour les Étudiants, Enseignants chercheurs et Chercheurs de Guinée.

Adresse

627 919 101/664 919 101

25 boulevard du commerce
Kaloum, Conakry, Guinée

Réseaux sociaux

Powered by Netsen Group @ 2025